000 00712cam a22002413a 4500
001 12973
003 PGUSA
005 20140828083259.0
008 040721s2004||||xxu|||||s|||||000 | eng d
040 _aPGUSA
_beng
042 _adc
050 4 _aF590.3
100 1 _aButler, Pardee,
_d1816-1888
245 1 0 _aPersonal Recollections of Pardee Butler
_h[electronic resource] /
_cPardee Butler
260 _bProject Gutenberg,
_c2004
506 _aPublic domain in the USA.
516 _aElectronic text
653 _aKansas -- History -- 1854-1861
700 1 _aHastings, Rosetta Butler,
_d1844-1934
830 0 _aProject Gutenberg
_v12973
856 4 0 _uhttp://www.gutenberg.org/ebooks/12973
942 _cEB
999 _c242228
_d242228